All Pokémon with Storm Drain - Statistics

General Stats
  • This quiz has been taken 4 times
  • The average score is 5 of 8
Answer Stats
(Avail)ability Pokémon % Correct
Second Ability Gastrodon
100%
Second Ability Shellos
100%
Hidden Ability Cradily
50%
Second Ability Finneon
50%
Hidden Ability Lileep
50%
Second Ability Lumineon
50%
Hidden Ability Maractus
50%
Hidden Ability Tatsugiri
25%
No matching quizzes found
Score Distribution
Percent of People with Each Score
Percentile by Number Answered
Your Score History
You have not taken this quiz